Hiragana to Katakana - Multiple Choice - Statistics

General Stats
  • This quiz has been taken 65 times
  • The average score is 12 of 15
Answer Stats
Question Answer % Correct
100%
100%
100%
95%
94%
93%
93%
93%
92%
92%
90%
90%
89%
89%
88%
88%
87%
86%
86%
85%
84%
83%
83%
82%
81%
80%
79%
78%
77%
77%
77%
76%
74%
74%
74%
73%
72%
71%
71%
71%
70%
64%
63%
60%
56%
52%
No matching quizzes found
Score Distribution
Percent of People with Each Score
Percentile by Number Answered
Your Score History
You have not taken this quiz